00492 2200193 4500245005900000020001800059250001100077100002100088700002000109700002100129650001700150005001900167260003100186041001400217084001300231300003400244336000900278338001100287 aSeiho Boys' High School Vol. 4cIzumi, KaneyoshihText a9786022665052 aCet. 1 aIzumi, Kaneyoshi aIne Martiana K. aFrisian Yuniardi aKomik Jepang a20230131145432 aJakartabPT Gramediac2014 aIndonesia a741.5592 a... jil. :bilus. ;c17,5 cm. atext avolume